[Event "27th Avoine Open"]
[Site "Avoine FRA"]
[Date "2012.07.29"]
[Round "9.9"]
[White "Colin,V"]
[Black "Le Masle,R"]
[Result "1-0"]
[WhiteElo "2391"]
[BlackElo "2007"]

1.d4 Nf6 2.c4 e6 3.Nf3 Bb4+ 4.Bd2 Qe7 5.g3 O-O 6.Bg2 Nc6 7.O-O Bxd2 8.Qxd2 d6
9.Nc3 e5 10.d5 Nb8 11.e4 Nbd7 12.Ne1 a5 13.Nd3 b6 14.f4 Ba6 15.b3 Nc5 16.f5 Nfd7
17.Nb2 Rfb8 18.Nb5 Nf6 19.Qe2 Rc8 20.Nd1 Bb7 21.Ndc3 c6 22.dxc6 Bxc6 23.Na3 Qb7
24.Rfe1 Rab8 25.Rad1 Ne8 26.h4 Qe7 27.Qf2 Nc7 28.Bf1 Rd8 29.Re3 Qe8 30.g4 Qe7
31.g5 f6 32.Qg3 Kh8 33.Rd2 Nxe4 34.Rxe4 d5 35.cxd5 Qxa3 36.Rg2 Qc5+ 37.Kh2 Nxd5
38.gxf6 Rb7 39.fxg7+ Kg8 40.Rc4 Qd6 41.Ne4 Qh6 42.Rxc6 Qxc6 43.Qg5 Rd6 44.Bc4 Rf7
45.Nxd6 Qxd6 46.Bxd5 e4+ 47.Kh1 Qxd5 48.Rd2 Qa8 49.Rd8+ Qxd8 50.Qxd8+  1-0

[Event "Politiken Cup 2012"]
[Site "Helsingor DEN"]
[Date "2012.07.29"]
[Round "2.67"]
[White "Skou,N"]
[Black "Ulrich,T2"]
[Result "0-1"]
[WhiteElo "2150"]
[BlackElo "1975"]

1.d4 Nf6 2.c4 e6 3.Nf3 Bb4+ 4.Bd2 Qe7 5.g3 Nc6 6.Bg2 Bxd2+ 7.Nbxd2 d6 8.O-O O-O
9.a3 a5 10.Qc2 e5 11.e3 Bg4 12.d5 Nb8 13.b4 axb4 14.axb4 Na6 15.Qa4 c6 16.dxc6 Nc7
17.Qc2 bxc6 18.Ng5 d5 19.Ra4 Rxa4 20.Qxa4 Qd6 21.Rc1 Ra8 22.Qb3 Rb8 23.e4 h6
24.cxd5 cxd5 25.Ngf3 Bxf3 26.Bxf3 d4 27.Nc4 Qe7 28.Na5 Rxb4 29.Qa3 Nb5 30.Qd3 Qf8
31.Nc6 Rb2 32.Nxe5 Qb4 33.Kg2 Rb3 34.Nc6 Qa3 35.Qd1 Rxf3 36.Ne7+ Qxe7 37.Qxf3 Qxe4
38.Qxe4 Nxe4 39.Rc4 Kf8 40.Rb4 Ned6 41.Kf3 Ke7 42.Ke2 Ke6 43.Kd3 Kd5 44.h3 Kc5
45.Ra4 f5 46.f3 Nf7 47.f4 Nfd6 48.g4 Ne4 49.Rc4+ Kd5 50.Rb4 Nc5+ 51.Kd2 Nd6
52.Ke2 Ke4 53.gxf5 Nxf5 54.Rb5 Nd3  0-1

[Event "Politiken Cup 2012"]
[Site "Helsingor DEN"]
[Date "2012.07.29"]
[Round "3.82"]
[White "Taksrud,V"]
[Black "Nielsen,Pet"]
[Result "1-0"]
[WhiteElo "2057"]
[BlackElo "1801"]

1.d4 Nf6 2.c4 e6 3.Nf3 Bb4+ 4.Bd2 Qe7 5.Nc3 d5 6.e3 b6 7.cxd5 exd5 8.Ne5 O-O
9.Bd3 c5 10.O-O c4 11.Bc2 Bb7 12.a3 Bd6 13.Nb5 Nc6 14.Nxc6 Bxc6 15.Nxd6 Qxd6
16.Bb4 Qc7 17.Bxf8 Rxf8 18.Rc1 Bd7 19.Qf3 Re8 20.Bf5 Bc6 21.Qg3 Qe7 22.Rfe1 b5
23.Qh4 b4 24.axb4 Qxb4 25.Re2 a5 26.f3 a4 27.Qe1 Qb7 28.Qc3 Rb8 29.Ra1 h6
30.Ra3 Ne8 31.Bb1 Nd6 32.Qc2 Nb5 33.Rxa4 Nc3 34.Qxc3 Bxa4 35.e4 Bc6 36.Qe3 Qd7
37.exd5 Bxd5 38.Qe5 Rd8 39.Bf5 Be6 40.Bxe6 Qxe6 41.Qxe6 fxe6 42.Rxe6 Rxd4
43.Kf2 Kf7 44.Re4 Rd2+ 45.Re2 Rd5 46.Ke1 Kf6 47.Rd2 Rc5 48.Rc2 Ke5 49.Re2+ Kd4
50.Kd2 Rc7 51.Re4+ Kd5 52.Kc3 g5 53.Rd4+ Ke5 54.Rxc4 Rd7 55.b4 Rd1 56.b5 Kd5
57.Rc6 h5 58.Rg6 g4 59.Rg5+  1-0

[Event "Politiken Cup 2012"]
[Site "Helsingor DEN"]
[Date "2012.07.30"]
[Round "4.41"]
[White "Nielsen,Bo1"]
[Black "Rewitz,P"]
[Result "0-1"]
[WhiteElo "2035"]
[BlackElo "2239"]

1.c4 e6 2.Nf3 Nf6 3.d4 Bb4+ 4.Bd2 c5 5.Bxb4 cxb4 6.Nbd2 O-O 7.g3 b6 8.Bg2 Bb7
9.O-O a5 10.Qc2 Na6 11.Rac1 Rc8 12.Qb1 d6 13.Rfe1 Rc7 14.e4 e5 15.b3 Re8
16.h3 Qa8 17.Rcd1 Rce7 18.d5 Nc5 19.Nh4 g6 20.Nf1 Bc8 21.Re3 Bd7 22.Qb2 Qc8
23.g4 Bxg4 24.hxg4 Qxg4 25.Nf3 Nfxe4 26.Qc2 f5 27.N3h2 Qh4 28.Rh3 Qf6 29.Bxe4 Nxe4
30.f3 Nc3 31.Re1 e4 32.f4 e3 33.Qd3 e2 34.Ng3 Re3 35.Qd2 Nb1 36.Qc2 Qd4 37.Kg2 Na3
38.Qc1 Rc3  0-1

[Event "Washington International 2012"]
[Site "Rockville USA"]
[Date "2012.07.30"]
[Round "6.4"]
[White "Gu,Christopher"]
[Black "Gelashvili,T"]
[Result "0-1"]
[WhiteElo "2225"]
[BlackElo "2604"]

1.d4 Nf6 2.Nf3 e6 3.c4 Bb4+ 4.Bd2 a5 5.g3 d5 6.Bg2 O-O 7.O-O dxc4 8.e3 b5
9.a4 bxa4 10.Rxa4 Ba6 11.Ne5 Nd5 12.Bxb4 axb4 13.Nxc4 Nd7 14.Nbd2 c5 15.dxc5 Nxc5
16.Ra5 Rc8 17.Ra1 Nb6 18.Qe2 Bb5 19.Rfd1 Qc7 20.b3 Nd5 21.Re1 Nc3 22.Qh5 Nxb3
23.Nxb3 Bxc4 24.Nd4 g6 25.Qg4 b3 26.Rac1 Be2 27.Nxe2 Nxe2+ 28.Qxe2 Qxc1 29.Rxc1 Rxc1+
30.Bf1 Rb8 31.Qb2 Rc2 32.Qe5 Rd8 33.Qe4 Rd1 34.Kg2 Rxf1  0-1

[Event "Tabor Open 2012"]
[Site "Tabor CZE"]
[Date "2012.07.31"]
[Round "4.14"]
[White "Chetverik,M"]
[Black "Kraus,On"]
[Result "1-0"]
[WhiteElo "2272"]
[BlackElo "2028"]

1.d4 Nf6 2.c4 e6 3.Nf3 Bb4+ 4.Bd2 Qe7 5.g3 O-O 6.Bg2 Bxd2+ 7.Qxd2 d6 8.Nc3 e5
9.O-O Re8 10.e4 a5 11.h3 Na6 12.Rfe1 b6 13.Rad1 Bb7 14.dxe5 dxe5 15.Nd5 Nxd5
16.exd5 f6 17.b3 Rad8 18.Nd4 Qb4 19.Qxb4 Nxb4 20.Nb5 Re7 21.a3 Na6 22.f4 Nc5
23.fxe5 fxe5 24.b4 axb4 25.axb4 Na6 26.Rb1 Bc8 27.Rb2 g6 28.Nc3 Kg7 29.Ra1 h6
30.Ne4 Rf7 31.b5 Nb8 32.g4 Bd7 33.Ra7 Be8 34.Rb7 Rc8 35.Rf2 Nd7 36.d6 Rxf2
37.Kxf2 c6 38.Rc7 Ra8 39.bxc6  1-0

[Event "Tabor Open 2012"]
[Site "Tabor CZE"]
[Date "2012.07.31"]
[Round "4.13"]
[White "Matejka,R"]
[Black "Weinzettl,E"]
[Result "0-1"]
[WhiteElo "1992"]
[BlackElo "2305"]

1.d4 Nf6 2.c4 e6 3.Nf3 Bb4+ 4.Bd2 Qe7 5.Qc2 Nc6 6.a3 Bxd2+ 7.Nbxd2 a5 8.e3 d6
9.Bd3 e5 10.O-O Bg4 11.dxe5 dxe5 12.Ng5 Nd7 13.Nge4 f5 14.Ng3 e4 15.Be2 Bxe2
16.Nxe2 Nce5 17.b4 O-O 18.c5 Ra6 19.Nc4 Rh6 20.Nxe5 Nxe5 21.f3 exf3 22.gxf3 Qg5+
23.Kh1 Qxe3 24.Ng1 Qf4 25.bxa5 Nc6 26.a6 bxa6 27.Rad1 Rh4 28.Rfe1 h6 29.Qg2 Qg5
30.Qa2+ Kh8 31.Rd7 Rd4 32.Rxd4 Nxd4 33.Qf2 Qf6 34.Rd1 Ne6 35.Rd7 Re8 36.Rd2 Rb8
37.h3 Qg5 38.Rb2 Rxb2 39.Qxb2 Nf4 40.Qh2 Qh4 41.Qb2 Qg3 42.Qh2 Qxh2+ 43.Kxh2 Nd3
44.Ne2 Nxc5 45.Nd4 g6 46.Kg3 Kg7 47.h4 Kf6 48.f4 Ne4+ 49.Kf3 c5 50.Nc2 Ke6
51.Ne3 Nd6 52.Ke2 Nb5 53.Nc2 Nd4+  0-1

[Event "Politiken Cup 2012"]
[Site "Helsingor DEN"]
[Date "2012.08.01"]
[Round "6.36"]
[White "Veng,J"]
[Black "Taksrud,V"]
[Result "0-1"]
[WhiteElo "2274"]
[BlackElo "2057"]

1.d4 Nf6 2.Nf3 e6 3.c4 Bb4+ 4.Bd2 c5 5.Bxb4 cxb4 6.g3 O-O 7.Bg2 d6 8.O-O Qc7
9.Qd3 Nbd7 10.Nbd2 Re8 11.e4 e5 12.Rfe1 b6 13.Rac1 Bb7 14.Qb1 Rac8 15.b3 Qd8
16.Qb2 Rc7 17.a3 bxa3 18.Qxa3 exd4 19.Nxd4 a6 20.f3 Ne5 21.Red1 b5 22.cxb5 Rxc1
23.Qxc1 Qb6 24.Nc4 Nxc4 25.bxc4 axb5 26.cxb5 d5 27.e5 Rxe5 28.Kh1 Re8 29.Bh3 Ra8
30.Qf4 Ne8 31.Re1 Nd6 32.Bd7 Ne4 33.Qe3 Nf6 34.Bc6 Rf8 35.Bxb7 Qxb7 36.Qe7 Qxe7
37.Rxe7 Rb8 38.Kg2 Kf8 39.Rc7 g6 40.g4 Ke8 41.Kg3 Nd7 42.Kf4 Rb6 43.Kg5 Ke7
44.Kh6 Kd6 45.Ra7 Ne5 46.Kxh7 Kc5 47.Ra4 Nc4 48.Ne2 Rxb5 49.h4 Rb2 50.Nf4 Rb3
51.Ra7 Rxf3 52.Rxf7 Ne5 53.Nd3+ Rxd3  0-1

[Event "Politiken Cup 2012"]
[Site "Helsingor DEN"]
[Date "2012.08.02"]
[Round "7.119"]
[White "Lie,T"]
[Black "Nielsen,Pet"]
[Result "1-0"]
[WhiteElo "1626"]
[BlackElo "1801"]

1.d4 Nf6 2.c4 e6 3.Nf3 Bb4+ 4.Bd2 a5 5.Nc3 c5 6.e3 cxd4 7.Nxd4 d5 8.cxd5 exd5
9.Bb5+ Bd7 10.O-O O-O 11.Qc2 Bxb5 12.Ncxb5 Nc6 13.a3 Nxd4 14.Nxd4 Bxd2 15.Qxd2 Qb6
16.a4 Ne4 17.Qe2 f5 18.Qb5 Qd6 19.f4 g6 20.Rad1 Rfc8 21.Rc1 Nc5 22.Nf3 Rc7
23.Rc2 b6 24.Rd2 Rd8 25.Rfd1 Kg7 26.Ne5 Qe6 27.Rd4 h5 28.g3 g5 29.b4 axb4
30.Qxb4 Ne4 31.a5 bxa5 32.Qxa5 Nc3 33.Qxc7+ Kf6  1-0

[Event "Politiken Cup 2012"]
[Site "Helsingor DEN"]
[Date "2012.08.03"]
[Round "8.10"]
[White "Hillarp Persson,T"]
[Black "Carstensen,J"]
[Result "1/2-1/2"]
[WhiteElo "2575"]
[BlackElo "2352"]

1.Nf3 Nf6 2.d4 e6 3.c4 Bb4+ 4.Bd2 Qe7 5.g3 Nc6 6.Nc3 Bxc3 7.Bxc3 Ne4 8.Rc1 Nxc3
9.Rxc3 d6 10.d5 Nb8 11.dxe6 fxe6 12.Nd4 O-O 13.Bg2 e5 14.Nc2 Nc6 15.O-O Bf5
16.Ne3 Be6 17.Nd5 Qd7 18.e3 Nd8 19.f4 c6 20.Nb4 exf4 21.exf4 Bg4 22.Qd2 Re8
23.Re3 Nf7 24.Rfe1 Kf8 25.Nc2 Rxe3 26.Qxe3 Nh6 27.b4 Bh5 28.h3 Bf7 29.Qc3 Re8
30.Rxe8+ Qxe8 31.c5 Qe7 32.a3 Nf5 33.Kf2 dxc5 34.bxc5 Bd5 35.Bxd5 cxd5 36.g4 Nh4
37.Qe3 Ng6 38.Nd4 Qf6 39.f5 h6 40.Ne6+ Kg8 41.Qb3 Nf8 42.Nf4 Qd4+ 43.Qe3 Qb2+
44.Kg3 d4 45.Qf3 Qc3 46.Nd5 Qxc5 47.Qb3 Kh7 48.h4 Nd7 49.Qxb7 Qxa3+ 50.Kg2 Qa2+
51.Kg3 Qa3+ 52.Kg2 Qa2+ 53.Kg3 Qa3+ 54.Kg2  1/2-1/2

[Event "FSIMB August 2012"]
[Site "Budapest HUN"]
[Date "2012.08.05"]
[Round "2.3"]
[White "Kahn,E"]
[Black "Espinoza Palomino,W"]
[Result "1/2-1/2"]
[WhiteElo "2261"]
[BlackElo "2242"]

1.d4 Nf6 2.c4 e6 3.Nf3 Bb4+ 4.Bd2 Qe7 5.a3 Bxd2+ 6.Qxd2 d6 7.Nc3 O-O 8.g3 e5
9.Bg2 Nc6 10.Nd5 Qd8 11.dxe5 Nxe5 12.Nxe5 dxe5 13.O-O  1/2-1/2

[Event "Politiken Cup 2012"]
[Site "Helsingor DEN"]
[Date "2012.08.05"]
[Round "10.46"]
[White "Nielsen,Bo1"]
[Black "Nilsen,Jo"]
[Result "0-1"]
[WhiteElo "2035"]
[BlackElo "2215"]

1.d4 Nf6 2.c4 e6 3.Nf3 Bb4+ 4.Bd2 Qe7 5.Nc3 Bxc3 6.Bxc3 Ne4 7.Qc2 Nxc3 8.Qxc3 O-O
9.g3 d6 10.Bg2 Nc6 11.O-O a5 12.b3 e5 13.e3 Bg4 14.Rfe1 Rfe8 15.h3 Bh5 16.a3 Qf6
17.g4 Bg6 18.d5 Nb8 19.Nd2 h5 20.e4 hxg4 21.hxg4 Qf4 22.Bf3 Nd7 23.Qe3 Nc5
24.b4 Qxe3 25.fxe3 axb4 26.axb4 Nd3 27.Reb1 c6 28.b5 cxb5 29.cxb5 Nc5 30.Kf2 Rec8
31.Ke2 f6 32.Kd1 Na4 33.Rc1 Nc3+ 34.Ke1 Rxa1 35.Rxa1 Nxb5 36.Rb1 Rc5 37.Be2 Nc3
38.Rxb7 Nxe4 39.Nb3 Rc3  0-1

[Event "16th HZ Open"]
[Site "Vlissingen NED"]
[Date "2012.08.05"]
[Round "2"]
[White "De Clerck,Martijn"]
[Black "Hopman,P"]
[Result "0-1"]
[WhiteElo "1977"]
[BlackElo "2310"]

1.d4 Nf6 2.c4 e6 3.Nf3 Bb4+ 4.Bd2 Qe7 5.Qb3 a5 6.a3 Bxd2+ 7.Nbxd2 O-O 8.e4 d6
9.Bd3 e5 10.d5 Nbd7 11.Qc3 a4 12.O-O Nc5 13.Bc2 Bg4 14.Kh1 Nh5 15.Ng1 Bd7
16.Rae1 g6 17.g3 Qg5 18.Ndf3 Qh6 19.Qe3 Qg7 20.Nh4 Rae8 21.f3 f5 22.Qg5 f4
23.g4 Nf6 24.h3 b5 25.Ne2 bxc4 26.Rg1 Rb8 27.Nxf4 Rxb2 28.Bb1 Rfb8 29.Nfxg6 hxg6
30.f4 Nh7 31.Qxg6 Qxg6 32.Nxg6 Kg7 33.fxe5 Kxg6 34.exd6 cxd6 35.e5+ Nd3 36.e6 Be8
37.h4 Nf6 38.h5+ Kg5 39.Bxd3 cxd3 40.Ref1 Nxd5 41.Rf5+ Kh4 42.Rxd5 Bc6  0-1

[Event "Jiraskuv Memorial GM 2012"]
[Site "Rakovnik CZE"]
[Date "2012.08.06"]
[Round "4"]
[White "Cvek,R"]
[Black "Palek,M"]
[Result "1/2-1/2"]
[WhiteElo "2549"]
[BlackElo "2250"]

1.c4 Nf6 2.Nf3 e6 3.d4 Bb4+ 4.Bd2 Qe7 5.g3 Nc6 6.Nc3 O-O 7.Bg2 d6 8.O-O Bxc3
9.Bxc3 Ne4 10.Be1 f5 11.d5 Nd8 12.Nd2 Nf6 13.dxe6 Nxe6 14.Nb3 f4 15.Bd2 Ng4
16.f3 Ne5 17.Qc1 Qf7 18.c5 d5 19.Bxf4 Nxf4 20.Qxf4 Qxf4 21.gxf4 Nc4 22.Rfd1 c6
23.Rd4 Ne3 24.Rc1 Bf5 25.Rb4 Rae8 26.Nd4 Bc8 27.f5 Nxf5 28.Nxf5 Rxf5 29.Kf2 Rh5
30.h4 Re7 31.Ra4 a6 32.e3 Kf7 33.Rf4+ Rf5 34.Rxf5+ Bxf5 35.Rc3 Kg6 36.Rb3 Kf6
37.Rb4 Ke5 38.Bf1 Rf7 39.Be2 Re7 40.Ke1 Kf6 41.Kd2 h6 42.Bd3 Bxd3 43.Kxd3 g5
44.hxg5+ hxg5 45.Ke2 Kf5 46.Kf2 Rh7 47.Kg3 Re7 48.Rb3 Rg7 49.Rb4 Re7 50.Kf2 Rh7
51.a3 a5 52.Rb6 g4 53.fxg4+ Kxg4 54.Ke2 Kf5 55.Kd3 Ke5 56.b4 axb4 57.Rxb4 Ke6
58.a4 Rc7 59.a5 Kd7 60.Rh4 Ke6 61.Rh6+ Ke5 62.Rh8 Ke6 63.Rd8 Rd7 64.Rc8 Ke5
65.Re8+ Kf6 66.Ra8 Re7 67.Ra7 Ke6 68.e4 dxe4+ 69.Kxe4 Rh7 70.Kd4 Rh4+ 71.Kc3 Kd5
72.Rxb7 Kxc5 73.a6 Ra4  1/2-1/2

[Event "11th Braunau Open A"]
[Site "Ranshofen AUT"]
[Date "2012.08.08"]
[Round "6.3"]
[White "Farago,I"]
[Black "Tratar,M"]
[Result "1/2-1/2"]
[WhiteElo "2491"]
[BlackElo "2492"]

1.d4 Nf6 2.c4 e6 3.Nf3 Bb4+ 4.Bd2 a5 5.g3 b6 6.Bg2 Bb7 7.O-O O-O 8.Bf4 Be7
9.Nc3 Ne4 10.Na4 Na6 11.Rc1 d6 12.a3 f5 13.Nd2 Nxd2 14.Qxd2 Bxg2 15.Kxg2 Qe8
16.Qc2 Bf6  1/2-1/2

[Event "II Brazil Maringa Open"]
[Site "Maringa BRA"]
[Date "2012.08.09"]
[Round "2.2"]
[White "Gamarra,R"]
[Black "Mekhitarian,K"]
[Result "0-1"]
[WhiteElo "1957"]
[BlackElo "2511"]

1.c4 e6 2.d4 Nf6 3.Nf3 Bb4+ 4.Bd2 a5 5.Qc2 d5 6.a3 Be7 7.e3 Ne4 8.Nc3 Nxd2
9.Qxd2 O-O 10.Be2 c6 11.O-O Nd7 12.Rfd1 a4 13.Qc2 Qa5 14.Rd2 g6 15.Rad1 Nb6
16.Nb1 Nxc4 17.Bxc4 dxc4 18.Qxc4 Rd8 19.Nc3 Qa6 20.Qa2 Bd7 21.Ne5 Be8 22.Ne4 Qb5
23.Nd3 Qd5 24.Qxd5 exd5 25.Ng3 f6 26.Rc1 Kf7 27.Ne2 Ra7 28.Nef4 g5 29.Ne2 Bd7
30.Nc5 Bf5 31.f3 h5 32.Kf2 Bd6 33.Ng3 Bg6 34.Rc3 h4 35.Nf1 Re8 36.Re2 Rb8
37.Nd7 Rd8 38.Nc5 Rc8 39.Re1 Rc7 40.Kg1 b6 41.Nd3 c5 42.dxc5 bxc5 43.e4 c4
44.Nf2 Be5 45.Rc2 Rab7 46.Ne3 Rxb2 47.Rec1 Rxc2 48.Rxc2 Rb7 49.g4 hxg3 50.hxg3 dxe4
51.Nxc4 exf3 52.Nxe5+ fxe5 53.Rc4 Rb1+ 54.Kh2 e4 55.Ng4 Rb2+ 56.Kh1 Bf5 57.Nh6+ Ke6
58.g4 Bh7 59.Rc6+ Kd5 60.Rf6 e3 61.Nf5 e2  0-1

[Event "16th Izmailov Mem"]
[Site "Tomsk RUS"]
[Date "2012.08.09"]
[Round "3.10"]
[White "Postnikov,A"]
[Black "Denisov,L"]
[Result "0-1"]
[WhiteElo "2107"]
[BlackElo "2346"]

1.d4 Nf6 2.Nf3 e6 3.c4 Bb4+ 4.Bd2 Qe7 5.Qc2 Bxd2+ 6.Nbxd2 d6 7.e4 e5 8.d5 O-O
9.g3 Ng4 10.h3 Nh6 11.Bg2 a5 12.b3 Na6 13.a3 f5 14.O-O f4 15.Qc3 b6 16.b4 a4
17.Rac1 Bd7 18.Ne1 Qg5 19.g4 Nf7 20.f3 Qh4 21.Rf2 Ng5 22.Bf1 Rf6 23.Rh2 Rh6
24.Bg2 Rf8 25.Nf1 Nf7 26.Qd3 c5 27.dxc6 Bxc6 28.Qe2 Nc7 29.Qf2 Ne6 30.Qxh4 Rxh4
31.b5 Bb7 32.Nc2 Rc8 33.Nd2 Nfg5 34.Kf2 Nc5 35.Nb4 Nge6 36.Bf1 Nd4 37.Rh1 g5
38.Nd5 Bxd5 39.exd5 Kf7 40.Rc3 Kf6 41.Bg2 h5 42.Rb1 hxg4 43.hxg4 Ndb3 44.Nf1 Rh7
45.Rb2 Rhc7 46.Nh2 Na5 47.Rb4 Re8 48.Kg1 Rh8 49.Nf1 Nab3 50.Rc2 Ra8 51.Rc3 Re7
52.Nh2 Rh7 53.Nf1 Rh4 54.Kf2 Re8 55.Kg1 Reh8 56.Kf2 e4 57.fxe4 Rxg4 58.Rxa4 Nxa4
59.Rxb3 Nc5 60.Rc3 Rgh4 61.Nd2 g4 62.Ke1  0-1

[Event "II Brazil Maringa Open"]
[Site "Maringa BRA"]
[Date "2012.08.10"]
[Round "5.24"]
[White "Oliveira,F"]
[Black "Araujo,Leonardo Augusto De"]
[Result "1-0"]
[WhiteElo "2077"]
[BlackElo "1873"]

1.d4 Nf6 2.c4 e6 3.Nf3 Bb4+ 4.Bd2 Qe7 5.a3 Bxd2+ 6.Nbxd2 d6 7.e3 Nbd7 8.Be2 O-O
9.O-O b6 10.Rc1 e5 11.b4 a5 12.Qc2 Ba6 13.Rfd1 g6 14.dxe5 dxe5 15.bxa5 bxa5
16.Qc3 a4 17.Bf1 e4 18.Nd4 Nc5 19.Nc6 Qe6 20.Nb4 Bb7 21.Nd5 Ne8 22.Qb4 c6
23.Qxc5 cxd5 24.cxd5 Qxd5 25.Qxd5 Bxd5 26.Nc4 Be6 27.Nb6 Ra7 28.Bc4 Ng7 29.Bxe6 Nxe6
30.Nd7 Rfa8 31.Nf6+ Kg7 32.Nxe4 Rb8 33.Rc3 Rb3 34.Rdc1 Rab7 35.g3 Rb2 36.R1c2 Rxc2
37.Rxc2 Rb3 38.Rc3 Rb1+ 39.Kg2 f5 40.Nd2 Rb2 41.Nf3 Kf6 42.Rc4 Ra2 43.Rxa4 Nc5
44.Rc4 Ne4 45.Kg1 Rxf2 46.Rxe4 Rxf3 47.Re8 Kf7 48.Kg2 Rxg3+ 49.Kxg3 Kxe8
50.Kf4 Kd7 51.Kg5 Kc6 52.Kh6 Kd5 53.a4 Ke4 54.a5 Kxe3 55.a6 f4 56.a7 f3 57.a8=Q f2  1-0

[Event "II Brazil Maringa Open"]
[Site "Maringa BRA"]
[Date "2012.08.10"]
[Round "5.3"]
[White "Quintiliano Pinto,R"]
[Black "Mareco,S"]
[Result "0-1"]
[WhiteElo "2238"]
[BlackElo "2589"]

1.d4 Nf6 2.c4 e6 3.Nf3 Bb4+ 4.Bd2 a5 5.g3 d6 6.Bg2 Nbd7 7.O-O e5 8.Nc3 exd4
9.Nxd4 O-O 10.Nc2 Bc5 11.h3 Re8 12.e4 c6 13.b3 Bb6 14.Bf4 Ne5 15.Be3 Bc7
16.Re1 a4 17.f4 axb3 18.axb3 Rxa1 19.Qxa1 Ned7 20.Kh2 h5 21.Rd1 Qe7 22.Qa3 h4
23.gxh4 Nh5 24.Nd4 Nf8 25.Nde2 Ng6 26.Qc1 Nxh4 27.Bf2 Nxg2 28.Kxg2 f5 29.exf5 Bxf5
30.Ng3 Qh4 31.Nxf5 Nxf4+ 32.Kf3 Qh5+ 33.Kg3 d5  0-1

[Event "II Brazil Maringa Open"]
[Site "Maringa BRA"]
[Date "2012.08.11"]
[Round "6.14"]
[White "Rezende,Guilherme Vilela"]
[Black "Proudian,Armen"]
[Result "0-1"]
[WhiteElo "2049"]
[BlackElo "2223"]

1.d4 Nf6 2.c4 e6 3.Nf3 Bb4+ 4.Bd2 a5 5.g3 d6 6.Bg2 Nbd7 7.O-O e5 8.Nc3 O-O
9.Bg5 exd4 10.Nd5 Bc5 11.Nxd4 h6 12.Bxf6 Nxf6 13.Qd3 c6 14.Nc3 Ng4 15.Ne4 Ne5
16.Qc3 Ba7 17.Rad1 Qc7 18.Nxd6 Qxd6 19.Nxc6 Qxc6 20.Bxc6 Nxc6 21.Rd5 Be6
22.Rfd1 Rac8 23.Rb5 Rc7 24.b3 a4 25.Kg2 axb3 26.axb3 Re8 27.h3 Rce7 28.e3 Bc8
29.Rbd5 Be6 30.R5d2 Bc5 31.Ra2 Bb4 32.Qa1 Bc8 33.Ra4 b6 34.Rxb4 Nxb4 35.Qc3 Nc6
36.b4 Bb7 37.Kf1 Ne5 38.c5 Bf3 39.Re1 bxc5 40.bxc5 Rd7 41.g4 f6 42.Kg1 Bc6
43.e4 Rd3 44.Qc2 Nf3+ 45.Kf1 Nxe1 46.Kxe1 Bxe4 47.Kf1 Rxh3 48.Qc4+ Kh8  0-1

[Event "16th Izmailov Mem"]
[Site "Tomsk RUS"]
[Date "2012.08.11"]
[Round "5.23"]
[White "Turovets,Sergey"]
[Black "Mukhamadeev,R"]
[Result "1-0"]
[WhiteElo "1946"]
[BlackElo "2092"]

1.d4 Nf6 2.c4 e6 3.Nf3 Bb4+ 4.Bd2 Bxd2+ 5.Qxd2 Ne4 6.Qc2 d5 7.e3 O-O 8.Nc3 f5
9.Ne5 Nxc3 10.bxc3 Nd7 11.Nxd7 Bxd7 12.cxd5 exd5 13.Qb3 Bc6 14.Be2 Kh8 15.O-O f4
16.Bf3 fxe3 17.fxe3 Qg5 18.Rae1 Rae8 19.Qa3 Bb5 20.h4 Qxh4 21.Be2 Rf6 22.Bxb5 Rg8
23.Rxf6 Qxe1+ 24.Rf1 Qxe3+ 25.Rf2 a6 26.Bf1 Rd8 27.Qb2 c5 28.Qd2 cxd4 29.Qxd4 Qe7
30.Rf5 h6 31.Re5 Qf7 32.Be2 b5 33.Bf3 Qg6 34.Re7 Re8 35.Rxe8+ Qxe8 36.Bxd5 Qe1+
37.Kh2 Qe8 38.Bf3 a5 39.Qe4 Qb8+ 40.Kh1 b4 41.cxb4 axb4 42.Qa8 Qxa8 43.Bxa8 g5
44.Kh2 Kg7 45.Kg3 h5 46.Kf3 Kf6 47.Ke4 h4 48.Bd5  1-0

[Event "Prva liga RS seniori 2012"]
[Site "Banja Vrucica SRB"]
[Date "2012.08.12"]
[Round "2"]
[White "Lekic,Du"]
[Black "Benkovic,P"]
[Result "1/2-1/2"]
[WhiteElo "2405"]
[BlackElo "2408"]

1.d4 Nf6 2.c4 e6 3.Nf3 Bb4+ 4.Bd2 Bxd2+ 5.Qxd2 O-O 6.Nc3 d5 7.e3 Qe7 8.Rc1 Rd8
9.a3 dxc4 10.Bxc4 c5 11.Qe2 cxd4 12.exd4 Nc6 13.Rd1 b6 14.O-O Bb7  1/2-1/2

[Event "Prva liga RS seniori 2012"]
[Site "Banja Vrucica SRB"]
[Date "2012.08.12"]
[Round "2"]
[White "Lajthajm,B"]
[Black "Arsovic,G"]
[Result "1/2-1/2"]
[WhiteElo "2482"]
[BlackElo "2425"]

1.d4 Nf6 2.c4 e6 3.Nf3 Bb4+ 4.Bd2 Bxd2+ 5.Qxd2 d5 6.g3 O-O 7.Bg2 Qe7 8.O-O Rd8
9.Qc2 Nc6 10.Rd1 dxc4 11.Qxc4 e5 12.Nc3 exd4 13.Nxd4 Nxd4 14.Rxd4 Be6 15.Qa4 Rxd4
16.Qxd4 c6 17.Rd1 h6 18.Qd6 Qxd6 19.Rxd6 Kf8 20.e4 Ke7 21.Rd2 Rd8 22.Rxd8 Kxd8
23.f4 Ke7 24.e5 Nd7  1/2-1/2

[Event "Prva liga RS seniori 2012"]
[Site "Banja Vrucica SRB"]
[Date "2012.08.16"]
[Round "6"]
[White "Arsovic,G"]
[Black "Nestorovic,De"]
[Result "1/2-1/2"]
[WhiteElo "2425"]
[BlackElo "2440"]

1.d4 Nf6 2.Nf3 e6 3.c4 Bb4+ 4.Bd2 Qe7 5.g3 Nc6 6.Bg2 Bxd2+ 7.Nbxd2 d6 8.Nf1 e5
9.Ne3 O-O 10.O-O Bg4 11.Nxg4 Nxg4  1/2-1/2

[Event "XIII Miquel Mas Open"]
[Site "Figueres ESP"]
[Date "2012.08.16"]
[Round "9.13"]
[White "Colls Gelaberto,E"]
[Black "Diaz Munoz,S"]
[Result "0-1"]
[WhiteElo "2171"]
[BlackElo "2011"]

1.d4 Nf6 2.c4 e6 3.Nf3 Bb4+ 4.Bd2 Bxd2+ 5.Qxd2 O-O 6.g3 d6 7.Bg2 Nc6 8.Nc3 Rb8
9.O-O b6 10.Rfd1 Bb7 11.d5 Ne7 12.e4 e5 13.Ne1 Nd7 14.b4 f5 15.exf5 Nxf5
16.Nc2 Bc8 17.Rf1 a6 18.Ne4 h6 19.f4 exf4 20.gxf4 Nf6 21.Rae1 Bd7 22.Ng3 Nh4
23.Nd4 Nxg2 24.Kxg2 Qc8 25.Ne6 Rf7 26.Kg1 c6 27.Ne4 Ne8 28.f5 cxd5 29.cxd5 Qc4
30.Rf3 a5 31.bxa5 bxa5 32.Rf4 Qb5 33.Qd4 Qb2 34.Qxb2 Rxb2 35.a3 Rb3 36.Kf2 Rd3
37.Rb1 Rxd5 38.Rb8 Rdxf5 39.Rxf5 Rxf5+ 40.Ke3 Kf7 41.Rxe8 Bxe8  0-1

[Event "14th Sants Open A"]
[Site "Barcelona ESP"]
[Date "2012.08.17"]
[Round "1.15"]
[White "Plamenov Ribarov,Petar"]
[Black "Lopez Martinez,Josep"]
[Result "0-1"]
[WhiteElo "2100"]
[BlackElo "2498"]

1.d4 Nf6 2.Nf3 e6 3.c4 Bb4+ 4.Bd2 a5 5.g3 d5 6.a3 Bxd2+ 7.Nbxd2 a4 8.Bg2 O-O
9.O-O b6 10.b4 axb3 11.Qxb3 Nc6 12.e3 Na5 13.Qb4 dxc4 14.Rfc1 Ba6 15.a4 Nd5
16.Qa3 f6 17.Bf1 Kh8 18.e4 Ne7 19.Nxc4 Bb7 20.Re1 Ng6 21.Nxa5 Rxa5 22.Qb3 f5
23.Qxe6 fxe4 24.Ne5 Nxe5 25.dxe5 Qd4  0-1

[Event "25th Panevezys Open"]
[Site "Panevezys LTU"]
[Date "2012.08.17"]
[Round "7.10"]
[White "Kviliunas,V"]
[Black "Beliajeva,O"]
[Result "1-0"]
[WhiteElo "1836"]
[BlackElo "1952"]

1.d4 Nf6 2.c4 e6 3.Nf3 Bb4+ 4.Bd2 Qe7 5.a3 Bxd2+ 6.Qxd2 d6 7.Nc3 O-O 8.g3 Nbd7
9.Bg2 e5 10.O-O Nb6 11.b3 h6 12.Qc2 c6 13.a4 e4 14.Nd2 e3 15.Nde4 exf2+ 16.Nxf2 Ng4
17.Nxg4 Bxg4 18.a5 Qe3+ 19.Kh1 Nc8 20.a6 Rb8 21.axb7 Rxb7 22.Bxc6 Rc7 23.Nd5 Qxd4
24.Nxc7 Qb6 25.Bf3 Bxf3+ 26.exf3 Qxc7 27.Rfe1 Ne7 28.Rad1 Ng6 29.Qe4 Rb8
30.Re3 Ne5 31.Qd5 Nc6 32.Qxd6 Qxd6 33.Rxd6 Na5 34.Ra6 Nxb3 35.Rxa7 Nd4 36.Rd3 Nc6
37.Rc7 Rb1+ 38.Kg2 Rb2+ 39.Kh3 Ne5 40.Re3 f6 41.f4 Ng6 42.Re8+ Kh7 43.Rcc8 f5
44.c5 Rb3 45.Kg2 Rb2+ 46.Kf3 Rxh2 47.Re2 Rh1 48.Rc2 Ne7 49.Rd8 Nc6 50.Rd6 Na7
51.c6 Nb5 52.Rd7  1-0

[Event "LBV Open A 2012"]
[Site "Roosendaal NED"]
[Date "2012.08.17"]
[Round "3.4"]
[White "Van den Doel,E"]
[Black "Martens,M"]
[Result "1/2-1/2"]
[WhiteElo "2571"]
[BlackElo "2431"]

1.d4 Nf6 2.Nf3 e6 3.c4 Bb4+ 4.Bd2 Qe7 5.g3 Nc6 6.Nc3 O-O 7.Bg2 d5 8.cxd5 exd5
9.O-O Rd8 10.Bf4 Be6 11.Nb5 Ba5 12.Bg5 h6 13.Bxf6 Qxf6 14.a3 Bb6 15.e3 Ne7
16.Rc1 c6 17.Nc3 Bc7 18.Na4 Bg4 19.Nc5 Rab8 20.b4 Bd6 21.a4 b6 22.Nd3 Rbc8
23.h3 Bh5 24.Rc3 g5 25.Qe2 Rc7 26.Rfc1 Rdc8 27.g4 Bg6 28.Nfe5 Be4 29.f4 Bxd3
30.Rxd3 Bxb4 31.Rf1 Ng6 32.fxg5 Qxg5 33.Rf5 Qd8  1/2-1/2

[Event "2nd Split Open 2012"]
[Site "Split CRO"]
[Date "2012.08.17"]
[Round "7.26"]
[White "Brcar,Al"]
[Black "Muskardin,M"]
[Result "0-1"]
[WhiteElo "1999"]
[BlackElo "2211"]

1.d4 Nf6 2.c4 e6 3.Nf3 Bb4+ 4.Bd2 Qe7 5.g3 Nc6 6.Nc3 d5 7.Bg2 O-O 8.cxd5 exd5
9.O-O Bxc3 10.Bxc3 Ne4 11.Rc1 Bg4 12.Qb3 Qd6 13.e3 Nxc3 14.Qxc3 Rfc8 15.Nd2 Nb4
16.Ra1 c5 17.a3 Na6 18.Rac1 Be6 19.dxc5 Qxc5 20.Qxc5 Nxc5 21.e4 d4 22.e5 Nd3
23.Bxb7 Nxc1 24.Bxa8 Ne2+ 25.Kg2 Rxa8 26.Kf3 d3 27.Ke3 Rd8 28.f4 Nd4 29.Ne4 Bg4
30.Nd6 Nf5+ 31.Kxd3 Nxd6 32.exd6 Rxd6+ 33.Kc3 Kf8  0-1

[Event "2nd Split Open 2012"]
[Site "Split CRO"]
[Date "2012.08.18"]
[Round "8.3"]
[White "Gagarin,V"]
[Black "Brkic,A"]
[Result "0-1"]
[WhiteElo "2372"]
[BlackElo "2587"]

1.d4 Nf6 2.c4 e6 3.Nf3 Bb4+ 4.Bd2 Qe7 5.g3 Bxd2+ 6.Qxd2 Nc6 7.Nc3 d5 8.Bg2 dxc4
9.O-O O-O 10.e4 Rd8 11.Rfd1 Rb8 12.b3 cxb3 13.axb3 a6 14.e5 Nd5 15.Ne4 Bd7
16.Qc2 Ncb4 17.Qb1 h6 18.h4 Bc6 19.Re1 b6 20.Qd1 f5 21.exf6 Nxf6 22.Ne5 Bxe4
23.Bxe4 c5 24.Bg6 Rxd4 25.Qe2 Rf8 26.Rad1 Rxd1 27.Rxd1 Nfd5 28.Qe4 Nf6 29.Qe2 b5
30.g4 Nbd5 31.Ra1 Nf4 32.Qc2 Nxg4 33.Nxg4 Qxh4  0-1